000
00283nam a22001097a 4500
008
160518b xxu||||| |||| 00| 0 eng d
020
_a
0910133360
041
_a
eng
080
_a
61
245
_a
Medical uses of statistics:
_c
John C. Bailar III; Frederick Mosteller;
942
_2
udc
_c
BK
999
_c
2157
_d
2157